00779ncm a2200217 a 4500001001100000005001700011008004100028080001600069100004300085245005500128254001600183260005100199300003300250500002000283500002800303500006000331650002600391852001100417952011600428999001700544C00017315c20241029143602.0960318s1891 gw sua n 1 ger d a786.2.083.11 aMacdowell, Edward (d1860-1908)91015410aErste moderne suite, op. 10 / cEdward Mac Dowell. a[Partitur]. aLeipzig : bBreitkopf & Härtel, ccop. 1891. aPartitura (33 p.) ; c37 cm. aN. pl. : 16205. aLegado Leopoldo Querol. aDedicatoria de E. López Chávarri a Leopoldo Querol.04aSuites (Piano)911755 jLQ-919 001040708NORaRABASFbRABASFcDP1d1996-03-20eDl0oLQ-919p1018559r2024-10-15 09:14:18w2024-10-15yPARTA c16974d16974